ბათუმის შოთა რუსთაველის სახელმწიფო უნივერსიტეტის ბიბლიოთეკა

ვეტერინარია : (ბიბ.ჩანაწერი № 46266)

000 -ლიდერი
ფიქსირებული სიგრძის საკონტროლო ველი 01403nam a2200277Ia 4500
001 - საკონტროლო ნომერი
საკონტროლო ველი 13100
003 - საკონტროლო ნომრის იდენტიფიკატორი
საკონტროლო ველი GE_BSU
005 - ბოლო ოპერაციის თარიღი და დრო
საკონტროლო ველი 20240815173827.0
008 - ფიქსირებული სიგრძის მონაცემთა ელემენტები - ზოგადი ინფორმაცია
ფიქსირებული სიგრძის საკონტროლო ველი 181216s2013||||ge |||||||||||||| ||geo||
020 ## - წიგნის საერთაშორისო სტანდარტული ნომერი
International Standard Book Number 9789941442476
040 ## - კატალოგიზაციის წყარო
Transcribing agency GE_BSU
041 ## - ენის კოდი
Language code of text/sound track or separate title geo
080 ## - უნივერსალური ათობითი კლასიფიკაციის ინდექსი
Universal Decimal Classification number 619(075.8) ყ-92
100 ## - მთავარი ჩანაწერი - პიროვნების სახელი
Personal name ყურაშვილი, თ.
9 (RLIN) 23081
245 ## - ცნობა სათაურის შესახებ
Title ვეტერინარია :
Remainder of title [სახელმძღვ.] /
Statement of responsibility, etc თ. ყურაშვილი, მ. კერესელიძე ; სარედ. კოლ. : მერაბ ნათიძე, დავით გოდერძიშვილი.
264 ## - წარმოების, გამოცემის, დისტრიბუციის და სხვა ცნობები
გამოცემის, წარმოების, დისტრიბუციის... ადგილი თბილისი :
გამოცემის, წარმოების, დისტრიბუციის... სახელწოდება საუნჯე,
გამოცემის, წარმოების, დისტრიბუციის... თარიღი 2013.
300 ## - ფიზიკური აღწერა
Extent 456 გვ. :
Other physical details ცხრ., ილ. ;
Dimensions 30 სმ.
500 ## - ზოგადი შენიშვნა
General note დანართი : გვ. 437-454
504 ## - BIBLIOGRAPHY, ETC. NOTE
Bibliography, etc ბიბლიოგრ. გვ. 455-456
653 ## - INDEX TERM--UNCONTROLLED
Uncontrolled term ვეტერინარია
653 ## - INDEX TERM--UNCONTROLLED
Uncontrolled term ვეტერინარია - სახელმძღვანელოები უმაღლესი სასწავლებლებისათვის
700 ## - ADDED ENTRY--PERSONAL NAME
Personal name კერესელიძე, მ.
Relator term ავტორი
9 (RLIN) 23082
700 ## - ADDED ENTRY--PERSONAL NAME
Personal name ნათიძე, მერაბ
Relator term რედაქტორი
9 (RLIN) 23083
700 ## - ADDED ENTRY--PERSONAL NAME
Personal name გოდერძიშვილი, დავით
Relator term რედაქტორი
9 (RLIN) 23084
942 ## - ADDED ENTRY ELEMENTS (KOHA)
Koha item type წიგნი
Source of classification or shelving scheme
ეგზემპლარები
ჩამოწერის სტატუსი დაკარგული ეგზემპლარის სტატუსი კლასიფიკაციის წყარო ან თაროზე გაწყობის სქემა დაზიანების სტატუსი არ გაიცემა მუდმივი მდებარეობა (დაცვის ადგილი) ამჟამინდელი ადგილსამყოფელი თაროზე განთავსების ადგილი შეძენის თარიღი სრული შენახვის შიფრი შტრიხკოდი ბოლო ოპერაციის თარიღი ეგზემპლარის მიმდევრობითი ნომერი (კეტერი?) ფასის ძალაში შესვლის თარიღი ეგზემპლარის სახეობა
          ბათუმის შოთა რუსთაველის სახელმწიფო უნივერსიტეტის მთავარი ბიბლიოთეკა ბათუმის შოთა რუსთაველის სახელმწიფო უნივერსიტეტის მთავარი ბიბლიოთეკა წიგნსაცავი 2018-12-17 619(075.8) ყ-92 27164 2018-12-17 27164 2018-12-17 წიგნი